000 01040cab a2200313 4500
001 ABS51009
008 090401t1994 xxu||||| |||| 00| 0 eng d
035 _a(Sirsi) u4844
041 _aeng
100 _aMcWilliam, F.
245 _aContractors gain product spec power
260 _c1994
350 _a0
490 _aContract Journal
_v374(5984) 21 July 1994, 16(1)
520 _aAssesses the findings of the 1994 "Barbour report", noting that design and build continues to gain ground and that under d & b contractors have greater influence on the products selected.
650 _aBARBOUR REPORT
650 _aBRAND DECISIONS
650 _aBUILT ENVIRONMENT-BUILDING CONTRACT FORMS
650 _aBUILT ENVIRONMENT-BUILDING MATERIALS
650 _aCONSTRUCTION PROCUREMENT
650 _aCONTRACTORS
650 _aDESIGN AND BUILD
650 _aPRODUCT DECISIONS
650 _aSPECIFICATION
650 _aSUBCONTRACTORS
690 _aBUILT ENVIRONMENT-BUILDING CONTRACT FORMS
942 _n0
948 _c04/03/1997
999 _c2929
_d2929